Все отечественные микросхемы

Xehetasun bibliografikoak
Beste egile batzuk: Перебаскин А. В. (редактор)
Gaia:Ред. указ. на обороте тит. л.
Справочник является логическим продолжением аналогичного издания 1997 г. Он устанавливает связь между типом отечественной микросхемы, ее зарубежным аналогом, функциональным назначением и производителем. В нем перечислены все когда-либо разработанные и произведенные на территории СНГ микросхемы — всего около 8000 типов. По сравнению с первым изданием, значительно расширен перечень приборов, уточнены аналоги многих микросхем и добавлена информация о состоянии производства приборов. Кроме этого, добавлены таблица функционального назначения микросхем и таблица всех типономиналов, рекомендуемых к применению приборов. Полностью обновилась таблица с адресами отечественных производителей микросхем. Основное назначение издания — облегчить отечественному разработчику переход на новую элементную базу.
Hizkuntza:errusiera
Argitaratua: Москва, Додэка-XXI, 2004
Edizioa:[2-е изд., перераб. и доп.]
Gaiak:
Formatua: MixedMaterials Liburua
KOHA link:https://koha.lib.tpu.ru/cgi-bin/koha/opac-detail.pl?biblionumber=73171

MARC

LEADER 00000nam0a2200000 4500
001 73171
005 20231101212706.0
010 |a 594120034X 
035 |a (RuTPU)RU\TPU\book\78054 
090 |a 73171 
100 |a 20050211d2004 km y0rusy50 ca 
101 0 |a rus 
102 |a RU 
105 |a y g 000zy 
200 1 |a Все отечественные микросхемы  |f под ред. А. В. Перебаскина 
205 |a [2-е изд., перераб. и доп.] 
210 |a Москва  |c Додэка-XXI  |d 2004 
215 |a 400 с. 
300 |a Ред. указ. на обороте тит. л. 
330 |a Справочник является логическим продолжением аналогичного издания 1997 г. Он устанавливает связь между типом отечественной микросхемы, ее зарубежным аналогом, функциональным назначением и производителем. В нем перечислены все когда-либо разработанные и произведенные на территории СНГ микросхемы — всего около 8000 типов. По сравнению с первым изданием, значительно расширен перечень приборов, уточнены аналоги многих микросхем и добавлена информация о состоянии производства приборов. Кроме этого, добавлены таблица функционального назначения микросхем и таблица всех типономиналов, рекомендуемых к применению приборов. Полностью обновилась таблица с адресами отечественных производителей микросхем. Основное назначение издания — облегчить отечественному разработчику переход на новую элементную базу. 
606 1 |a Микросхемотехника  |2 stltpush  |3 (RuTPU)RU\TPU\subj\43763  |9 63206 
610 1 |a электроника 
610 1 |a микросхемы 
610 1 |a условные обозначения 
610 1 |a типы 
610 1 |a типономиналы 
610 1 |a функциональный перечень 
610 1 |a аналоги 
610 1 |a справочники 
675 |a 621.382.049.77(035)  |v 3 
702 1 |a Перебаскин  |b А. В.  |4 340 
801 1 |a RU  |b 63413507  |c 20050211  |g PSBO 
801 2 |a RU  |b 63413507  |c 20201010  |g PSBO 
942 |c BK 
959 |a 11/20050209  |d 5  |e 231  |f АНЛ:1  |f ЧЗТЛ:3  |f НФ:1